000
00304nam a2200133 a 4500
005
20141022141958.0
008
120302s19uu xx 00 eng d
050
_a
CD
_b
J72 2008
100
_a
Jones. Leo
245
_a
Let's talk 2 /
_c
Leo Jones.
250
_a
2nd ed.
260
_c
2008.
942
_c
AVM
999
_c
276077
_d
276077